Miasta w Powiacie Zgorzeleckim - Statystyki

Ogólne statystyki
  • Ten quiz został rozwiązany 9 razy
  • Średni wynik to 4 z 5
Statystyki odpowiedzi
Populacja Miasto % Poprawnych
28 931 Zgorzelec
100%
21 280 Bogatynia
78%
8 705 Pieńsk
67%
3 761 Zawidów
67%
7 770 Węgliniec
44%
Nie znaleziono quizów pasujących do podanych kryteriów
Rozkład punktacji
Procent ludzi z każdym wynikiem
Percentyl według liczby udzielonych odpowiedzi
Twoja historia wyników
Nie rozwiązałeś tego quizu